[Event "34th Chess Olympiad (women)"]
[Site "Istanbul"]
[Date "2000.11.09"]
[Round "12.33.3"]
[White "Ramirez, Karla"]
[Black "Chaves, Joara"]
[WhiteElo "2000"]
[BlackElo "2057"]
[WhiteCountry "CRC"]
[BlackCountry "BRA"]
[Result "1/2-1/2"]

1. d4 Nf6 2. e3 d5 3. Bd3 Bg4 4. f3 Bh5 5. Nd2 e6 6. c3 Bd6 7. Qb3 b6 8. f4 Bg6 
9. Bxg6 hxg6 10. Ngf3 Ng4 11. Nf1 c6 12. Bd2 Be7 13. Ne5 Nf6 14. Ng3 Qc7 
15. O-O-O Nbd7 16. Qc2 Rh6 17. e4 Nxe4 18. Nxe4 dxe4 19. Qxe4 Nxe5 20. fxe5 Rh5 
21. g4 Rh8 22. Rdf1 Rd8 23. Kb1 Rd7 24. Rf3 Qb7 25. Bf4 c5 
1/2-1/2

[Event "34th Chess Olympiad (women)"]
[Site "Istanbul"]
[Date "2000.11.09"]
[Round "12.34.1"]
[White "Hind, Bahji"]
[Black "Castillo Melendez, Dina"]
[WhiteElo "2000"]
[BlackElo "2071"]
[WhiteCountry "MAR"]
[BlackCountry "GUA"]
[Result "1/2-1/2"]

1. d4 d5 2. e3 Nf6 3. c4 e6 4. Nc3 Be7 5. Nf3 Nbd7 6. Bd3 b6 7. O-O O-O 
8. Qe2 a6 9. b3 Bb7 10. Bb2 Re8 11. e4 dxe4 12. Nxe4 c5 13. Rfd1 cxd4 
14. Nxd4 Qc7 15. Rac1 Nc5 16. Nxc5 Bxc5 17. h3 h6 18. Nc2 Qc6 19. Qf1 Nh5 
20. Be5 a5 21. Be2 Qe4 22. Bf3 Qxe5 23. Bxb7 Rab8 24. Bf3 Nf4 25. Qe1 Qf6 
26. Qe4 Red8 27. Ne3 Ng6 
1/2-1/2

[Event "34th Chess Olympiad (women)"]
[Site "Istanbul"]
[Date "2000.11.09"]
[Round "12.34.2"]
[White "Martinez Porras, Ingrid"]
[Black "Amina, Oubaaqua"]
[WhiteElo "2104"]
[BlackElo "2000"]
[WhiteCountry "GUA"]
[BlackCountry "MAR"]
[Result "1/2-1/2"]

1. e4 c5 2. Nf3 d6 3. d4 cxd4 4. Nxd4 Nf6 5. Qe2 a6 6. g3 b5 7. Bg2 Bb7 
8. O-O Nbd7 9. Kh1 e6 10. c3 Be7 11. Na3 Qc7 12. Nac2 d5 13. exd5 Nxd5 
14. Ne3 Nxe3 15. Bxe3 Bxg2+ 16. Kxg2 O-O 17. Rac1 Rac8 18. Rfd1 Rfd8 19. b3 Ba3 
20. Rc2 Nb6 21. Bc1 Bc5 22. Nf3 Rxd1 23. Qxd1 Bb4 24. Bb2 h6 
1/2-1/2

[Event "34th Chess Olympiad (women)"]
[Site "Istanbul"]
[Date "2000.11.09"]
[Round "12.34.3"]
[White "Kamal, Fatima"]
[Black "Mazariegos Kummerfeld, Silvia"]
[WhiteElo "2000"]
[BlackElo "2034"]
[WhiteCountry "MAR"]
[BlackCountry "GUA"]
[Result "0-1"]

1. e4 e5 2. Nf3 d6 3. d4 Nd7 4. Nc3 c6 5. Be3 Be7 6. Bc4 h6 7. O-O Ngf6 
8. h3 O-O 9. Qd2 b5 10. Bd3 Bb7 11. a3 Re8 12. Rad1 Qc7 13. d5 a6 14. dxc6 Bxc6 
15. Nh2 Bf8 16. Rfe1 Rac8 17. Nf1 Bb7 18. Ng3 Red8 19. Nf5 Nc5 20. f3 Ne6 
21. Qf2 Rd7 22. Qg3 Kh7 23. Nd5 Bxd5 24. exd5 Nc5 25. Bxc5 Qxc5+ 26. Kh1 Kh8 
27. Ne3 Rdc7 28. Qh4 g5 29. Qg3 Bg7 30. h4 Rg8 31. hxg5 Bf8 32. Qh4 Rxg5 
33. g4 Ng8 34. Be4 Ne7 35. Kg2 Ng6 36. Bxg6 fxg6 37. Re2 Rf7 38. Rh1 Kg8 
39. c3 Rf4 40. Rh3 
0-1

[Event "34th Chess Olympiad (women)"]
[Site "Istanbul"]
[Date "2000.11.09"]
[Round "12.35.1"]
[White "Mohammed, Janer"]
[Black "Al-Sherkh Khade, Wasila"]
[WhiteElo "2000"]
[BlackElo "2000"]
[WhiteCountry "IRQ"]
[BlackCountry "SYR"]
[Result "1/2-1/2"]

1. d4 d5 2. c4 Nc6 3. Nf3 Bg4 4. e3 e6 5. Nc3 Bb4 6. Bd2 Nge7 7. Be2 O-O 
8. O-O dxc4 9. Bxc4 Bxc3 10. Bxc3 Nd5 11. Rc1 Nce7 12. Bd3 h6 13. Bb1 Bh5 
14. Re1 Bg6 15. Bxg6 Nxg6 16. g3 c6 17. Qb3 Qb6 18. Qxb6 Nxb6 19. Bb4 Rfe8 
20. Bd6 Nd7 21. Red1 Nf6 22. Ne5 Ne4 23. Nxg6 Nxd6 24. Ne5 Rad8 25. Rd3 f6 
26. Nf3 Nf7 27. Rb3 Re7 28. h4 Rdd7 29. Kf1 e5 30. dxe5 Nxe5 31. Nxe5 
1/2-1/2

[Event "34th Chess Olympiad (women)"]
[Site "Istanbul"]
[Date "2000.11.09"]
[Round "12.35.2"]
[White "Khalifeh, Diana"]
[Black "Al-Rufei, Eman H"]
[WhiteElo "2000"]
[BlackElo "2031"]
[WhiteCountry "SYR"]
[BlackCountry "IRQ"]
[Result "1/2-1/2"]

1. e4 e5 2. Nf3 Nc6 3. d4 exd4 4. Nxd4 Nf6 5. Nxc6 bxc6 6. e5 Qe7 7. Qe2 Nd5 
8. c4 Ba6 9. g3 g6 10. b3 Bg7 11. Bb2 O-O 12. Bg2 Rfe8 13. O-O f6 14. Qd2 Nb6 
15. exf6 Bxf6 16. Nc3 Qg7 17. Nd1 d5 18. Bxf6 Qxf6 19. Ne3 Rad8 20. Qa5 Bb7 
21. Qxa7 Rb8 22. Qa5 Ra8 23. Qd2 dxc4 24. Nxc4 Nxc4 25. bxc4 Ba6 26. Qc2 Qd4 
27. Bxc6 Rab8 28. Bxe8 Rxe8 29. Rfd1 Qf6 30. Rab1 Qf7 31. Rbc1 Bb7 32. Qb3 c5 
33. Qd3 Bc6 34. Re1 Rf8 
1/2-1/2

[Event "34th Chess Olympiad (women)"]
[Site "Istanbul"]
[Date "2000.11.09"]
[Round "12.35.3"]
[White "Jamal, Jawan"]
[Black "Mir Mahmoud, Afamia"]
[WhiteElo "2000"]
[BlackElo "2000"]
[WhiteCountry "IRQ"]
[BlackCountry "SYR"]
[Result "0-1"]

1. d4 Nf6 2. c4 g6 3. Nc3 Bg7 4. Nf3 d6 5. e4 O-O 6. Be2 e5 7. d5 Nbd7 
8. O-O Nc5 9. Nd2 a5 10. b3 Bh6 11. f3 Nh5 12. Re1 Be3+ 13. Kh1 Qh4 14. Nf1 Bf2 
15. Bd2 Ng3+ 16. Nxg3 Bxg3 17. h3 Bxh3 18. Bg5 Bxg2+ 19. Kxg2 
0-1

[Event "34th Chess Olympiad (women)"]
[Site "Istanbul"]
[Date "2000.11.09"]
[Round "12.36.1"]
[White "Zepeda, Sonia"]
[Black "Minnaar, Michelle"]
[WhiteElo "2046"]
[BlackElo "2062"]
[WhiteCountry "ESA"]
[BlackCountry "RSA"]
[Result "1/2-1/2"]

1. e4 c5 2. Nf3 d6 3. d4 cxd4 4. Nxd4 Nf6 5. f3 g6 6. c4 Bg7 7. Be3 Nc6 
8. Qd2 O-O 9. Nc3 Bd7 10. Be2 a6 11. O-O Rc8 12. Rac1 Ne5 13. b3 Re8 
14. Rfd1 Qa5 15. Nd5 Qxd2 16. Nxf6+ Bxf6 17. Rxd2 Nc6 18. Nxc6 Bxc6 
19. Rdc2 Bd7 20. Kf2 Rc7 21. c5 dxc5 22. Rxc5 Rxc5 23. Rxc5 Rc8 24. f4 Rxc5 
25. Bxc5 e5 26. g3 Kg7 27. Bc4 exf4 28. gxf4 Be6 29. Bxe6 fxe6 30. Ke3 Kf7 
31. Bd4 Be7 32. a4 Bd8 33. Kd3 Ke7 34. Kc4 Kd6 35. b4 b6 36. b5 a5 37. Kd3 Ke7 
38. Ke3 Kf7 39. Kf3 h6 40. h3 Bc7 41. Kg4 Bd8 42. f5 h5+ 43. Kf4 g5+ 
44. Kf3 exf5 45. exf5 Bc7 46. Kg2 Bd8 47. Kf3 Bc7 48. Kg2 Bd8 
1/2-1/2

[Event "34th Chess Olympiad (women)"]
[Site "Istanbul"]
[Date "2000.11.09"]
[Round "12.36.2"]
[White "Frick, Denise"]
[Black "Osorio, Lorena"]
[WhiteElo "2000"]
[BlackElo "2000"]
[WhiteCountry "RSA"]
[BlackCountry "ESA"]
[Result "1/2-1/2"]

1. d4 d5 2. Nf3 c6 3. e3 Nf6 4. b3 Bf5 5. Bd3 Bxd3 6. Qxd3 e6 7. O-O Bd6 
8. Nbd2 Nbd7 9. Bb2 O-O 10. c4 Qc7 11. Rac1 Rfe8 12. Qb1 Rad8 13. h3 Qb8 
14. a3 e5 15. dxe5 Nxe5 16. cxd5 Nxd5 17. Ng5 Nf6 18. Nde4 Nxe4 19. Nxe4 Be7 
20. Rfd1 Ng6 21. Qc2 Qc7 22. Qc3 f6 23. Ng5 Rxd1+ 24. Rxd1 Ne5 25. Ne6 Qc8 
26. Nf4 Rd8 27. Qc2 Nf7 28. a4 Rxd1+ 29. Qxd1 Qd8 30. Qxd8+ Bxd8 31. Ba3 Ne5 
32. Kf1 Kf7 33. Ke2 Be7 34. Bb2 Bd6 35. Nd3 Nxd3 36. Kxd3 Ke6 37. e4 a6 
38. Bd4 b5 39. Kc3 c5 40. Be3 Ke5 41. f3 g6 42. axb5 axb5 43. Kd3 Ke6 
44. Bf2 Kd7 45. Be3 Kc6 46. Bf2 Be5 47. Be3 Bc7 48. Bf2 Be5 49. Be3 Bd6 50. Bf2 
1/2-1/2

[Event "34th Chess Olympiad (women)"]
[Site "Istanbul"]
[Date "2000.11.09"]
[Round "12.36.3"]
[White "Nayda, Avalos"]
[Black "Van Der Merwe, Cecile"]
[WhiteElo "2000"]
[BlackElo "2000"]
[WhiteCountry "ESA"]
[BlackCountry "RSA"]
[Result "1/2-1/2"]

1. e4 e6 2. d4 d5 3. exd5 exd5 4. Nc3 c6 5. Bd3 Bd6 6. Nge2 Qc7 7. h3 Ne7 
8. O-O O-O 9. Bg5 Re8 10. Qd2 Nf5 11. Rfe1 Be6 12. Bxf5 Bxf5 13. Ng3 Be6 
14. Nf5 Bh2+ 15. Kh1 Nd7 16. g3 Bxf5 17. Kxh2 Qd6 18. Bf4 Qg6 19. Rxe8+ Rxe8 
20. Rc1 Qh5 21. h4 Nf6 22. Re1 Rxe1 23. Qxe1 Qg4 24. Bg5 Ne4 25. Nxe4 Bxe4 
26. c3 Qf3 27. Qg1 Qe2 28. Bc1 h6 29. a3 b6 30. g4 Bf3 31. Kh3 Be4 32. Kh2 Qf3 
33. Be3 a6 34. Bc1 f6 35. Be3 g5 36. hxg5 fxg5 37. Bc1 Kg7 38. Be3 Kg6 
39. Qf1 Qxg4 40. Qh3 Qf3 41. Qe6+ Kh5 42. Qh3+ Qxh3+ 43. Kxh3 Bf3 44. Kg3 g4 
45. Bf4 Kg6 46. Bc7 Kf5 47. Bxb6 Ke4 48. Ba5 Kd3 49. Bb4 Kc4 50. a4 Kb3 
51. a5 Kxb2 52. Kf4 Kc2 53. Kg3 Kd3 54. Kf4 h5 55. Kg3 Bd1 56. Kh4 Ke2 
57. Kg3 Kd3 58. Kh4 Be2 59. Kg3 Bf3 60. Kh4 Ke2 61. Kg3 h4+ 62. Kxh4 Kxf2 
63. Bd6 Ke3 
1/2-1/2

[Event "34th Chess Olympiad (women)"]
[Site "Istanbul"]
[Date "2000.11.09"]
[Round "12.37.1"]
[White "O`Siochru, Mairead"]
[Black "Goler, Isil"]
[WhiteElo "2000"]
[BlackElo "2000"]
[WhiteCountry "IRL"]
[BlackCountry "TURB"]
[Result "1-0"]

1. e4 c6 2. d4 d5 3. exd5 cxd5 4. Bd3 Nc6 5. c3 Nf6 6. Bf4 Qb6 7. Qb3 Qd8 
8. Nd2 e6 9. Ngf3 Bd6 10. Bxd6 Qxd6 11. O-O O-O 12. Rae1 a6 13. Qc2 Bd7 
14. Ne5 Rac8 15. Qb1 Na7 16. Nb3 Bb5 17. Nc5 Bxd3 18. Qxd3 Qc7 19. Re3 Nc6 
20. f4 g6 21. Rh3 Ne7 22. g4 Rfd8 23. Qg3 Kf8 24. Qh4 Neg8 25. f5 exf5 
26. gxf5 Qe7 27. fxg6 hxg6 28. Rhf3 Kg7 29. Ng4 Rd6 30. Nxb7 Rb6 31. Nxf6 Rxf6 
32. Rxf6 Nxf6 33. Nc5 Rc6 34. Re1 Qc7 35. Qg3 Qc8 36. Qf3 Qc7 37. Rf1 Qd6 
38. Nd3 Rc8 39. Ne5 Qe6 40. Qg2 Rh8 41. Rf3 Rh5 42. b4 Qb6 43. Qf2 Qe6 
44. a4 Rg5+ 45. Kh1 Rh5 46. Qf1 Rh8 47. b5 Rb8 48. Rxf6 Qxf6 49. Qxf6+ Kxf6 
50. Nd7+ Ke6 51. Nxb8 axb5 52. axb5 Kd6 53. Na6 
1-0

[Event "34th Chess Olympiad (women)"]
[Site "Istanbul"]
[Date "2000.11.09"]
[Round "12.37.2"]
[White "Meseli, Perihan"]
[Black "Quinn, Deborah"]
[WhiteElo "2000"]
[BlackElo "2000"]
[WhiteCountry "TURB"]
[BlackCountry "IRL"]
[Result "1-0"]

1. Nf3 Nf6 2. g3 g6 3. Bg2 Bg7 4. O-O O-O 5. d3 d5 6. Nbd2 c5 7. e4 Nc6 
8. Re1 d4 9. Nc4 Be6 10. Nce5 Nxe5 11. Nxe5 Nd7 12. Nf3 Nf6 13. Ng5 Qb6 
14. Nxe6 Qxe6 15. f4 Rab8 16. Qf3 c4 17. Bd2 Qb6 18. Rab1 Qc5 19. e5 Nd7 
20. dxc4 Qxc4 21. Qb3 Qxb3 22. axb3 e6 23. Bb4 Rfe8 24. Bd6 Rbc8 25. Rbc1 Nc5 
26. b4 d3 27. bxc5 d2 28. Bxb7 dxe1=Q+ 29. Rxe1 Bxe5 30. fxe5 
1-0

[Event "34th Chess Olympiad (women)"]
[Site "Istanbul"]
[Date "2000.11.09"]
[Round "12.37.3"]
[White "Shaughnessy, Elizabeth"]
[Black "Aydin, Nazli"]
[WhiteElo "2000"]
[BlackElo "2000"]
[WhiteCountry "IRL"]
[BlackCountry "TURB"]
[Result "0-1"]

1. e4 e5 2. d4 exd4 3. Qxd4 Nc6 4. Qe3 Nf6 5. Nc3 Bb4 6. Bd2 O-O 7. O-O-O Re8 
8. f3 d5 9. Be1 d4 10. Qf2 Qe7 11. Nb5 Bxe1 12. Qxe1 Rd8 13. Bc4 a6 14. Na3 b5 
15. Bb3 Nb4 16. c3 dxc3 17. Rxd8+ Qxd8 18. Kb1 Nd3 19. Qd1 Bb7 20. Ne2 cxb2 
21. Bc2 Nb4 22. Qxd8+ Rxd8 23. Rd1 Rxd1+ 24. Bxd1 Nd3 25. h4 Nd7 26. Bc2 N7c5 
27. g3 f5 28. exf5 Bxf3 29. Nd4 Bd5 30. Bxd3 Nxd3 31. Nac2 c5 32. Ne2 Be4 
33. Ne3 b4 34. Ng1 a5 35. g4 a4 36. a3 bxa3 37. Ka2 Nc1+ 
0-1

[Event "34th Chess Olympiad (women)"]
[Site "Istanbul"]
[Date "2000.11.09"]
[Round "12.38.1"]
[White "Mudongo, Boikhutso"]
[Black "Pacheco, Hilzandryly"]
[WhiteElo "2000"]
[BlackElo "2000"]
[WhiteCountry "BOT"]
[BlackCountry "PUR"]
[Result "1-0"]

1. e4 d5 2. Nc3 dxe4 3. Nxe4 Bf5 4. Nc3 Nf6 5. d3 Nc6 6. Nf3 h6 7. Be2 e6 
8. Be3 a6 9. h3 Bb4 10. Bd2 Qd7 11. a3 Bd6 12. Be3 O-O-O 13. Qd2 Rhe8 
14. O-O-O Qe7 15. Nb1 e5 16. Qc3 Nd5 17. Qd2 f6 18. Nh4 Be6 19. Bh5 Rg8 
20. Bg6 Qd7 21. g4 Nxe3 22. fxe3 Ne7 23. Be4 g5 24. Ng2 f5 25. gxf5 Nxf5 
26. Qf2 Rgf8 27. Qf3 c6 28. Bxf5 Rxf5 29. Qh5 Bf8 30. e4 Rf2 31. Ne3 Qd4 
32. Rde1 Kb8 33. Re2 Bf7 34. Qg4 h5 35. Nf5 Qb6 36. Qg1 Bc5 37. Rxf2 Bxf2 
38. Qxg5 Rg8 39. Qh6 Bg6 40. Nd2 Ka7 41. Nc4 Qd8 42. Rf1 Bxf5 43. exf5 Qh4 
44. Kb1 Rg2 45. f6 Rg1 46. Rxg1 Bxg1 47. f7 Bc5 48. f8=Q Bxf8 49. Qxf8 Qxh3 
50. Qc5+ Kb8 51. Qxe5+ Ka7 52. Qc7 Qh1+ 53. Ka2 h4 54. Na5 c5 55. Qxc5+ Ka8 
56. Nc4 h3 57. Ne5 Qg2 58. Qc8+ Ka7 59. Ng4 h2 60. Nxh2 Qxh2 61. Qc5+ Ka8 
62. d4 Qf2 63. Qc4 Kb8 64. d5 Qf7 65. b3 Qd7 66. Qc5 b5 67. Qb6+ Kc8 
68. Qxa6+ Kd8 69. Qb6+ Ke7 70. Qe6+ 
1-0

[Event "34th Chess Olympiad (women)"]
[Site "Istanbul"]
[Date "2000.11.09"]
[Round "12.38.2"]
[White "Martinez, Natiska"]
[Black "Nakedi, Gloria"]
[WhiteElo "2000"]
[BlackElo "2000"]
[WhiteCountry "PUR"]
[BlackCountry "BOT"]
[Result "1/2-1/2"]

1. d4 d5 2. e3 e6 3. Bd3 Bd6 4. Nd2 Nc6 5. f4 Bd7 6. Ngf3 f5 7. O-O Nf6 
8. c3 Ne4 9. Ne5 Nxe5 10. fxe5 Be7 11. Qf3 O-O 12. Qh3 Bg5 13. Nxe4 fxe4 
14. Rxf8+ Qxf8 15. Be2 Qe7 16. Bd2 Rf8 17. g3 c5 18. Rf1 cxd4 19. cxd4 Rxf1+ 
20. Qxf1 Qf7 21. Qc1 Qe8 22. Qc7 Qc8 23. Qd6 a6 24. h4 Bh6 25. Kg2 Qc6 
26. Qe7 g6 27. Qd8+ Be8 28. Bd1 Qd7 29. Qf6 Qf7 30. g4 Qxf6 31. exf6 g5 
32. Kg3 Kf7 33. h5 Kxf6 34. Ba5 e5 35. Bc3 exd4 36. Bxd4+ Ke6 37. Kf2 Bf8 
38. Ke2 Bb5+ 39. Kd2 Kd6 40. b4 Kc6 41. Kc3 b6 42. a3 a5 43. bxa5 bxa5 
44. a4 Bc4 45. Ba7 Bg7+ 46. Kd2 Kb7 47. Bc5 Kc6 48. Be7 h6 49. Bd8 d4 
50. exd4 Bxd4 51. Bxa5 e3+ 
1/2-1/2

[Event "34th Chess Olympiad (women)"]
[Site "Istanbul"]
[Date "2000.11.09"]
[Round "12.38.3"]
[White "Sabure, Tuduetso"]
[Black "Perez, Dolimar"]
[WhiteElo "2000"]
[BlackElo "2000"]
[WhiteCountry "BOT"]
[BlackCountry "PUR"]
[Result "1-0"]

1. d4 d5 2. Nc3 Nf6 3. Bf4 c6 4. e3 Bf5 5. Nf3 e6 6. Bd3 Ne4 7. Bxe4 dxe4 
8. Nd2 Qa5 9. O-O Nd7 10. Ndxe4 Be7 11. g4 Bg6 12. f3 O-O 13. g5 f6 14. h4 fxg5 
15. hxg5 Nb6 16. Qe2 Nd5 17. Nxd5 Qxd5 18. Qg2 Rf7 19. Nc3 Qd7 20. Rad1 Raf8 
21. Be5 Rf5 22. f4 Qd8 23. e4 R5f7 24. Kh2 Bd6 25. Qg4 Bxe5 26. dxe5 Qe7 
27. Rd6 Re8 28. Kg3 Rff8 29. Rfd1 Bf7 30. Rd7 Qb4 31. Rb1 Rd8 32. Qd1 Qb6 
33. Rd6 Qe3+ 34. Qf3 Qxf3+ 35. Kxf3 Bh5+ 36. Ke3 Rde8 37. Na4 Bf7 38. Nc5 Re7 
39. Rbd1 h6 40. gxh6 gxh6 41. Kd4 Kh7 42. f5 exf5 43. exf5 Bd5 44. f6 Ref7 
45. c4 Bg2 46. Rd3 h5 47. Rg3 Bf1 48. Ne6 Rg8 49. Rxg8 Kxg8 50. Rd8+ 
1-0

[Event "34th Chess Olympiad (women)"]
[Site "Istanbul"]
[Date "2000.11.09"]
[Round "12.39.1"]
[White "Mendes, Alves"]
[Black "Phiri, Catherine"]
[WhiteElo "2000"]
[BlackElo "2000"]
[WhiteCountry "ANG"]
[BlackCountry "ZAM"]
[Result "0-1"]

1. e4 d6 2. Nf3 Nf6 3. Nc3 g6 4. Bc4 Bg7 5. d4 O-O 6. Bg5 a6 7. h3 Re8 
8. O-O Nc6 9. a4 e5 10. d5 Ne7 11. Nh4 Bd7 12. Qf3 Nc8 13. Qe3 Rb8 14. f4 h6 
15. Bxf6 Qxf6 16. Qg3 exf4 17. Rxf4 Qd4+ 18. Qf2 Qxf2+ 19. Rxf2 Bd4 
20. Raf1 Bxf2+ 21. Rxf2 b5 22. axb5 axb5 23. Bd3 Nb6 24. b4 Nc4 25. Ne2 Ra8 
26. Nd4 Ra1+ 27. Kh2 Rea8 28. Nhf3 R8a4 29. c3 R4a2 30. Rxa2 Rxa2 31. Nc2 f6 
32. Nfd4 Kf7 33. Kg3 Ra6 34. Kf3 c6 35. dxc6 Bxc6 36. Nxc6 Rxc6 37. Nd4 Rb6 
38. Nxb5 Ne5+ 39. Ke3 Nxd3 40. Kxd3 Rxb5 41. Kc4 Rb6 42. Kd5 Ke7 43. Kc4 Ke6 
44. b5 Ke5 45. Kb4 Kxe4 46. Ka5 Rb8 47. b6 Kd3 48. Ka6 d5 49. b7 Kxc3 
50. Ka7 Rxb7+ 51. Kxb7 d4 
0-1

[Event "34th Chess Olympiad (women)"]
[Site "Istanbul"]
[Date "2000.11.09"]
[Round "12.39.2"]
[White "Mtine, Joy"]
[Black "Afonso, Vieira"]
[WhiteElo "2000"]
[BlackElo "2000"]
[WhiteCountry "ZAM"]
[BlackCountry "ANG"]
[Result "1-0"]

1. e4 e6 2. d4 Nc6 3. Nf3 d6 4. Bc4 d5 5. exd5 exd5 6. Bb3 Be6 7. O-O Nf6 
8. Re1 h6 9. Ba4 Qd7 10. Ne5 Qd6 11. Bf4 Be7 12. Bg3 Qb4 13. Bxc6+ bxc6 
14. b3 Qb6 15. h3 O-O 16. Ng6 Rfe8 17. Nxe7+ Rxe7 18. Bh4 g5 19. Bg3 Rae8 
20. Nc3 Bc8 21. Rxe7 Rxe7 22. h4 Ne4 23. Nxe4 Rxe4 24. hxg5 hxg5 25. Be5 Rh4 
26. Qf3 f5 27. Bf6 g4 28. Qe3 Qb4 29. Bxh4 Qf8 30. Qg5+ Kh7 31. Re1 
1-0

[Event "34th Chess Olympiad (women)"]
[Site "Istanbul"]
[Date "2000.11.09"]
[Round "12.39.3"]
[White "Zangata, Fatima"]
[Black "Munsaka, Laura"]
[WhiteElo "2000"]
[BlackElo "2000"]
[WhiteCountry "ANG"]
[BlackCountry "ZAM"]
[Result "0-1"]

1. e4 e5 2. Nf3 Nc6 3. Bc4 Be7 4. O-O d6 5. d3 Nf6 6. a3 O-O 7. Be3 a6 
8. Nbd2 b5 9. Ba2 Bb7 10. Rc1 d5 11. exd5 Nxd5 12. c3 Nxe3 13. fxe3 Qxd3 
14. Re1 Bc5 15. Nf1 Qf5 16. Bb1 Qf6 17. Qd5 Bb6 18. Qe4 g6 19. Kh1 Rad8 
20. Ng3 Qg7 21. Re2 Ba8 22. Ba2 Nd4 23. Qb1 Nxe2 24. Nxe2 Bxf3 25. gxf3 Bxe3 
26. Re1 Qf6 27. Rf1 Rd2 28. Ng1 Qf4 
0-1

[Event "34th Chess Olympiad (women)"]
[Site "Istanbul"]
[Date "2000.11.09"]
[Round "12.40.1"]
[White "Mak, Sharon"]
[Black "Wiesuriya, Vineetha"]
[WhiteElo "2000"]
[BlackElo "2000"]
[WhiteCountry "MAC"]
[BlackCountry "SRI"]
[Result "1/2-1/2"]

1. e4 e6 2. d4 b6 3. Nc3 Bb7 4. Nf3 Bb4 5. Bd2 Bxc3 6. Bxc3 Bxe4 7. Bd3 Nf6 
8. O-O O-O 9. Ng5 Bxd3 10. Qxd3 h6 11. Nf3 d6 12. Rfe1 Nc6 13. h3 Ne7 
14. b3 Ned5 15. Bb2 Nb4 16. Qd2 Nc6 17. c4 Ne7 18. Rad1 Ng6 19. Bc3 Qd7 
20. g3 Rfe8 21. Qb2 d5 22. Ne5 Nxe5 23. dxe5 Ne4 24. Rxe4 Qe7 25. cxd5 Rad8 
26. Red4 exd5 27. Rxd5 Rxd5 28. Rxd5 Qe6 
1/2-1/2

[Event "34th Chess Olympiad (women)"]
[Site "Istanbul"]
[Date "2000.11.09"]
[Round "12.40.2"]
[White "Konama, Anupama"]
[Black "Choi, Kuan"]
[WhiteElo "2000"]
[BlackElo "2000"]
[WhiteCountry "SRI"]
[BlackCountry "MAC"]
[Result "1-0"]

1. Nf3 d6 2. d4 e6 3. c4 Nd7 4. Bf4 Qe7 5. Nc3 c6 6. e4 e5 7. dxe5 dxe5 
8. Be3 g6 9. Bd3 Bh6 10. Bxh6 Nxh6 11. O-O O-O 12. Re1 Nc5 13. Qe2 Nxd3 
14. Qxd3 b6 15. Rad1 Be6 16. Qd6 Rfe8 17. Nxe5 f6 18. Nxc6 Nf7 19. Nxe7+ 
1-0

[Event "34th Chess Olympiad (women)"]
[Site "Istanbul"]
[Date "2000.11.09"]
[Round "12.40.3"]
[White "Lee, Wing"]
[Black "Rathayake, Chandra"]
[WhiteElo "2000"]
[BlackElo "2000"]
[WhiteCountry "MAC"]
[BlackCountry "SRI"]
[Result "1/2-1/2"]

1. e4 e6 2. d4 d5 3. Nd2 Nf6 4. e5 Nfd7 5. Bd3 c5 6. c3 Nc6 7. Ne2 Qb6 
8. Nf3 cxd4 9. cxd4 Bb4+ 10. Bd2 Bxd2+ 11. Qxd2 Qb4 12. a3 Qxd2+ 13. Nxd2 Nb6 
14. Rc1 Bd7 15. b4 a6 16. Nb3 Na4 17. Nc5 Nxc5 18. Rxc5 O-O 19. O-O Rac8 
20. f4 f6 21. b5 axb5 22. Bxb5 Nxe5 
1/2-1/2

[Event "34th Chess Olympiad (women)"]
[Site "Istanbul"]
[Date "2000.11.09"]
[Round "12.41.1"]
[White "Tan, Winnie"]
[Black "Al-Gurshi, Buthaina"]
[WhiteElo "2000"]
[BlackElo "2000"]
[WhiteCountry "SIN"]
[BlackCountry "YEM"]
[Result "1/2-1/2"]

1. e4 e5 2. Nf3 Nc6 3. Bc4 Bc5 4. O-O Nf6 5. d3 d6 6. Bg5 Bg4 7. Nbd2 O-O 
8. c3 h6 9. Bh4 Qd7 10. b4 Bb6 11. Bxf6 gxf6 12. Qc1 f5 13. exf5 d5 
14. Bxd5 Qxd5 15. Ne4 f6 16. Nh4 Qxd3 17. Ng3 Kg7 18. Kh1 e4 19. Qf4 Ne5 
20. f3 Be3 21. Qxe4 Qxe4 22. fxe4 h5 23. h3 Kh6 24. hxg4 Nxg4 
1/2-1/2

[Event "34th Chess Olympiad (women)"]
[Site "Istanbul"]
[Date "2000.11.09"]
[Round "12.41.2"]
[White "Raweh, Adeela"]
[Black "Xu, Yaping"]
[WhiteElo "2000"]
[BlackElo "2000"]
[WhiteCountry "YEM"]
[BlackCountry "SIN"]
[Result "0-1"]

1. e4 c5 2. Nf3 d6 3. Bc4 Nf6 4. Nc3 e6 5. d4 cxd4 6. Nxd4 a6 7. O-O Qc7 
8. Be2 b5 9. Bf3 Bb7 10. Re1 Nbd7 11. a3 Be7 12. Bd2 O-O 13. h3 Ne5 14. Re3 Nc4 
15. Re1 Nxb2 16. Qb1 Nc4 17. Bc1 Ne5 18. Qb3 Rac8 19. Nb1 Nfd7 20. Bb2 Nc5 
21. Qc3 Na4 22. Qxc7 Rxc7 23. Bc1 Nxf3+ 24. gxf3 Bf6 25. Rd1 Bxd4 26. Rxd4 Rxc2 
27. Be3 d5 28. Nd2 e5 29. Rb4 d4 30. Bxd4 
0-1

[Event "34th Chess Olympiad (women)"]
[Site "Istanbul"]
[Date "2000.11.09"]
[Round "12.41.3"]
[White "Rolles, May"]
[Black "Abdulsalam, Nadhmeia"]
[WhiteElo "2000"]
[BlackElo "2000"]
[WhiteCountry "SIN"]
[BlackCountry "YEM"]
[Result "1/2-1/2"]

1. d4 d5 2. c4 Nf6 3. cxd5 Nxd5 4. e4 Nf6 5. e5 Nd5 6. Nc3 e6 7. Bc4 Bb4 
8. Bd2 Nxc3 9. Bxc3 a5 10. a3 Be7 11. Nf3 O-O 12. O-O b6 13. Qd3 c6 14. Qe4 Kh8 
15. Bd3 g6 16. b4 Qd5 17. Rfb1 Qxe4 18. Bxe4 Bd7 19. bxa5 bxa5 20. Rb7 Rc8 
21. Bd2 Kg7 22. Ng5 Bd8 23. Bd3 Rc7 24. Rxc7 Bxc7 25. Rb1 Bc8 26. Ne4 Nd7 
27. Rc1 Bb7 28. Bb5 cxb5 29. Rxc7 Bxe4 30. Rxd7 Kf8 31. Rc7 a4 32. Bb4+ Kg7 
33. Rc5 Bd3 34. d5 exd5 35. Rxd5 Rc8 36. Rc5 Rxc5 37. Bxc5 Bc4 38. h3 f6 
39. exf6+ Kxf6 40. Kh2 h5 41. g4 hxg4 42. hxg4 Ke5 43. Kg3 Kd5 44. Bf8 Ke6 
45. Kf4 Kf6 46. Bc5 Bd3 
1/2-1/2

[Event "34th Chess Olympiad (women)"]
[Site "Istanbul"]
[Date "2000.11.09"]
[Round "12.42.1"]
[White "Smith, Vivian"]
[Black "Babic, Gail"]
[WhiteElo "2000"]
[BlackElo "2000"]
[WhiteCountry "NZL"]
[BlackCountry "ISV"]
[Result "1-0"]

1. e4 e5 2. Nf3 Nc6 3. Bc4 Nf6 4. d3 Bc5 5. O-O h6 6. c3 O-O 7. a4 d5 
8. exd5 Nxd5 9. Re1 Re8 10. Nbd2 Nf4 11. Ne4 Bb6 12. b4 Qd7 13. Bxf4 exf4 
14. a5 Bxf2+ 15. Kxf2 b6 16. axb6 cxb6 17. Qd2 Qf5 18. Nf6+ Qxf6 19. Rxe8+ Kh7 
20. Rae1 Bb7 21. Rxa8 Bxa8 22. d4 Ne7 23. Bd3+ Ng6 24. Be4 Bxe4 25. Rxe4 a5 
26. bxa5 bxa5 27. d5 Qd6 28. Qd3 f5 29. Re6 Qc5+ 30. Kf1 Qc8 31. Ne5 Nh4 32. g3 
1-0

[Event "34th Chess Olympiad (women)"]
[Site "Istanbul"]
[Date "2000.11.09"]
[Round "12.42.2"]
[White "Mody, Ila"]
[Black "Mikhailik, Eleonora"]
[WhiteElo "2000"]
[BlackElo "2000"]
[WhiteCountry "ISV"]
[BlackCountry "NZL"]
[Result "0-1"]

1. d4 d5 2. Nf3 e6 3. c3 c5 4. e3 Nc6 5. Bd3 Nf6 6. h3 Bd6 7. Nbd2 cxd4 
8. cxd4 Qc7 9. O-O O-O 10. Qc2 h6 11. a3 Qe7 12. b4 e5 13. e4 Nxd4 
14. Nxd4 exd4 15. Bb2 dxe4 16. Bxe4 Nxe4 17. Rfe1 Qe5 18. Nf3 Qh5 19. Qxe4 Rd8 
20. Bxd4 Be6 21. Be5 Bf8 22. Rad1 b6 23. Rd4 Re8 24. Red1 f6 25. Bd6 Bb3 
26. Qh4 Qxh4 27. Nxh4 Bxd1 28. Rxd1 Rad8 29. Nf5 g6 30. Ne3 Rxd6 31. Rc1 Rd3 
32. Nc4 Rc8 
0-1

[Event "34th Chess Olympiad (women)"]
[Site "Istanbul"]
[Date "2000.11.09"]
[Round "12.42.3"]
[White "Courtney, Helen"]
[Black "Oliver, Patricia"]
[WhiteElo "2000"]
[BlackElo "2000"]
[WhiteCountry "NZL"]
[BlackCountry "ISV"]
[Result "1-0"]

1. e4 e5 2. Nf3 Qe7 3. Bb5 a6 4. Ba4 b5 5. Bb3 Nf6 6. Nc3 c6 7. O-O h6 
8. Re1 g6 9. d4 exd4 10. Nxd4 Bg7 11. Nf5 gxf5 12. exf5 Nd5 13. Nxd5 cxd5 
14. Rxe7+ Kxe7 15. Qxd5 Nc6 16. Qxf7+ Kd8 17. Qxg7 Re8 18. Bf4 Ra7 19. Qf6+ Re7 
20. Bd6 Bb7 21. Re1 Ba8 22. Qf8+ 
1-0

[Event "34th Chess Olympiad (women)"]
[Site "Istanbul"]
[Date "2000.11.09"]
[Round "12.43.1"]
[White "Hernandez, Yadira"]
[Black "Zsiltzova-Lisenko, Lubov"]
[WhiteElo "2207"]
[BlackElo "2273"]
[WhiteCountry "MEX"]
[BlackCountry "IBSA"]
[Result "0-1"]

1. Nf3 Nf6 2. c4 d5 3. cxd5 Nxd5 4. g3 c5 5. Bg2 Nc6 6. Nc3 Nc7 7. O-O e5 
8. d3 Be7 9. Nd2 O-O 10. Nc4 f6 11. a3 Kh8 12. b3 Bg4 13. Bb2 Qd7 14. Re1 Rac8 
15. Rc1 b6 16. Rc2 Rfd8 17. Ne4 Nb5 18. Rd2 Nbd4 19. f3 Be6 20. a4 Qc7 
21. e3 Nf5 22. Bf1 a6 23. g4 Nh6 24. Rg2 Nf7 25. Nc3 Qb7 26. Qe2 b5 
27. axb5 axb5 28. Nd2 Nb4 29. d4 cxd4 30. exd4 Nc2 31. dxe5 Nxe1 32. Qxe1 Nxe5 
33. Nce4 Rc2 34. Bxe5 fxe5 35. Qg3 Qd5 36. h4 Bc5+ 37. Kh1 Be3 38. Nb1 Qd1 
0-1